000
00234nam a2200109Ia 4500
008
190216s9999||||xx |||||||||||||| ||und||
100
_a
Carr E H
245
0
_a
What Is History
260
_b
Macmillan
650
_a
History
942
_c
BK
999
_c
19340
_d
19340